000 00256nam a2200121Ia 4500
008 190216s9999||||xx |||||||||||||| ||und||
100 _aPillai R S N
245 0 _aStatitics
260 _bS Chand & Co
300 _a860
650 _aCommerce
942 _cBK
999 _c37228
_d37228